000 01478naa a22003617a 4500
001 BR7804279
003 BR-BrBNA
005 20240918174118.0
007 ta
008 230509b bl.||||| |||| 00| 0 por d
040 _aBR-BrBNA
_bpor
_cBiblioteca Nacional de Agricultura
041 _a(Pt)
072 _aF30
_b0716
_bG514
090 _aF30 BR7804279
100 1 _aCamelatto, D.
100 1 _aNakasu, B.H.
100 1 _aPetri, J.L.
111 1 _a4. Congresso Brasileiro de Fruticultura
_cSalvador, BA (Brazil)
_d23 Jan 1977
245 1 _a"Escarlate": uma promissora cultivar de pessego para mesa [Melhoramento genetico vegetal; Prunus persica; Pelotas; Rio Grande do Sul; Brasil]
260 3 _aCruz das Almas, BA (Brasil):
_c1978.
500 _aCunha Sobrinho, A.P.; Matos, A.P. de (eds.) Anais do 4. Congresso Brasileiro de Fruticultura Cruz das Almas, BA (Brasil): 1978. p. 291-296 (BR7804279-AM)F30
650 _aMelhoramento genetico vegetal
650 _aPessego
650 _aComportamento de variedade
650 _aCruzamento vegetal
650 _aHibridacao
650 _aVariedade resistente
650 _aPelotas
650 _aRio Grande do Sul
773 0 _tAnais do 4. Congresso Brasileiro de Fruticultura
_aCunha Sobrinho, A.P.; Matos, A.P. de (eds.). Sociedade Brasileira de Fruticultura, Cruz das Almas, BA
_wF30 BR7804279
_gCruz das Almas, BA (Brasil), 1978. p. 291-296
909 _a202404
_bLucia
_c55
_dLucia Elande
942 _cAM
_2AGRIS
999 _c308981
_d308981